Nandadāsa. (Record no. 76956)

MARC details
000 -LEADER
fixed length control field 00660cam a22002411 4500
001 - CONTROL NUMBER
control field sa 68000113
003 - CONTROL NUMBER IDENTIFIER
control field DLC
005 - DATE AND TIME OF LATEST TRANSACTION
control field 20260227112420.0
008 - FIXED-LENGTH DATA ELEMENTS--GENERAL INFORMATION
fixed length control field 881102s1967 ii 000 0 hino
010 ## - LIBRARY OF CONGRESS CONTROL NUMBER
LC control number sa 68000113
035 ## - SYSTEM CONTROL NUMBER
System control number (OCoLC)23548866
040 ## - CATALOGING SOURCE
Original cataloging agency DLC
Transcribing agency MiU
Modifying agency NRU
-- DLC
042 ## - AUTHENTICATION CODE
Authentication code premarc
050 00 - LIBRARY OF CONGRESS CALL NUMBER
Classification number PK2095.N3
Item number Z75
100 1# - MAIN ENTRY--PERSONAL NAME
Personal name Khattar, Ramesh Kumar.
245 00 - TITLE STATEMENT
Title Nandadāsa.
Statement of responsibility, etc. [Lekhaka] Rameśa Khaṭṭara.
250 ## - EDITION STATEMENT
Edition statement [1. saṃskaraṇa
260 ## - PUBLICATION, DISTRIBUTION, ETC.
Place of publication, distribution, etc. Dillī]
Name of publisher, distributor, etc. Sāmyika Prakāsana
Date of publication, distribution, etc. [1967]
300 ## - PHYSICAL DESCRIPTION
Extent 401 p.
Dimensions 22 cm.
500 ## - GENERAL NOTE
General note In Hindi.
504 ## - BIBLIOGRAPHY, ETC. NOTE
Bibliography, etc. note Bibliography: p. [393]-401.
600 00 - SUBJECT ADDED ENTRY--PERSONAL NAME
Personal name Nandadāsa,
Dates associated with a name active 1568.

No items available.

Powered by Koha